10 grootste Nederlandse steden - Statistieken

Algemene statistieken
  • Deze quiz is 99 keer genomen
  • De gemiddelde score is 8 van 10
Antwoordstatistieken
Hint Antwoord % Correct
882.633 Amsterdam
99%
592.027 Rotterdam
99%
553.417 Den Haag
98%
310.816 Utrecht
95%
202.900 Groningen
91%
238.326 Eindhoven
84%
201.195 Tilburg
68%
166.755 Nijmegen
65%
163.888 Arnhem
57%
217.828 Almere
51%
Geen overeenkomende quizzen gevonden
Scoreverdeling
Procent van Mensen met Elke Score
Percentiel versus Aantal Correcte Antwoorden
Uw Scoregeschiedenis
U heeft deze quiz nog niet genomen